000
00243nam a2200097Ia 4500
001
652660
005
20250826154442.0
008
250824s9999 xx 000 0 und d
245
0
_a
HER ŞEYİ SATARIM RUMHUM HARİÇ 2
_c
HAKAN YEL
260
_b
ALTIN
999
_c
652660
_d
652660